|
|
|
|
| LEADER |
00996nam a2200301 4500 |
| 001 |
DLU090090948 |
| 005 |
##20091201 |
| 040 |
# |
# |
|a DLU
|b eng
|
| 041 |
# |
# |
|a eng
|
| 044 |
# |
# |
|a us
|
| 100 |
# |
# |
|a Lee, Seung-Goo.
|
| 245 |
# |
# |
|a Purification and characterization of thermostable D-hydantoinase from thermophilicbacillus stearothermophilus SD-1 /
|c Seung-Goo Lee, Dong-Cheol Lee, Hak-Sung Kim.
|
| 653 |
# |
# |
|a Bacillus stearothermophilus
|
| 653 |
# |
# |
|a D-hydantoinase
|
| 653 |
# |
# |
|a Immuno-affinity chromatography
|
| 653 |
# |
# |
|a Thermostability
|
| 700 |
# |
# |
|a Kim, Hak-Sung.
|
| 700 |
# |
# |
|a Lee, Dong-Cheol.
|
| 773 |
# |
# |
|t Applied Biochemistry and Biotechnology
|g Vol. 62, no. 2/3 (February/March 1997), p. 251-266
|
| 920 |
# |
# |
|a Phòng Tạp chí -- Trung tâm Thông tin - Thư viện Trường Đại học Đà Lạt
|
| 994 |
# |
# |
|a DLU
|
| 900 |
# |
# |
|a True
|
| 911 |
# |
# |
|a Trương Bảo Trâm Anh
|
| 925 |
# |
# |
|a G
|
| 926 |
# |
# |
|a A
|
| 927 |
# |
# |
|a BB
|
| 980 |
# |
# |
|a Thư viện Trường Đại học Đà Lạt
|